| 000 | 01850cam a22005414i 4500 | ||
|---|---|---|---|
| 003 | PE-LiUPU | ||
| 005 | 20250731165643.0 | ||
| 008 | 150616s1992 r 000 0 eng d | ||
| 020 | _a0802836968 | ||
| 035 | _a(Sirsi) i9780802836960 | ||
| 035 | _a(Sirsi) i9780802836960 | ||
| 040 |
_aPE-LiUPU _bspa _cPE-LiUPU _erda |
||
| 049 | _aPRUA | ||
| 082 | 0 | 4 |
_a225.077 _bP _221 |
| 100 | 1 |
_aMorris, Leon, _eautor. |
|
| 245 | 1 | 4 |
_aThe Gospel According to Matthew. _n40 / _cLeón Morris. |
| 264 | 1 |
_aGrand Rapids, Michigan : _bWm. B. Eerdmans Publishing Co., _c1992. |
|
| 300 |
_a781 páginas ; _c23 cm. |
||
| 336 |
_atext _2rdacontent |
||
| 337 |
_aunmediated _2rdamedia |
||
| 338 |
_avolume _2rdacarrier |
||
| 490 | 0 | _aA Pillar Commentary Series | |
| 504 | _aBibliografía al pie de pag. | ||
| 505 | 0 | _aAnálisis de textos, exposición y notas del libro de Mateo Mateo. | |
| 526 | _aSEG44 | ||
| 526 | _aSEG26 | ||
| 526 | _aP151 | ||
| 526 | _aP150 | ||
| 526 | _aP149 | ||
| 526 | _aP146 | ||
| 526 | _aP145 | ||
| 526 | _aP126 | ||
| 526 | _aP125 | ||
| 526 | _aP92 | ||
| 526 | _aP75 | ||
| 526 | _aP74 | ||
| 526 | _aP27 | ||
| 526 | _aP15 | ||
| 600 | 1 | _aJesucristo | |
| 630 |
_aBiblia. _pN.T. _pMateo _xComentarios. |
||
| 910 |
_ajck _bjvq _cjck |
||
| 942 |
_2ddc _cBOOK |
||
| 949 |
_aRC 225.077 P 40 _wDEWEY _c1 _i40652 _lRC _mBUL _r0 _sY _tBOOK _u2015-6-16 _xTEOLOGIA _zUNKNOWN _0COMPRA _o.CIRCNOTE. No olvidar cambiar la fecha de devolución!!!!!!! _o.STAFF. Colección General |
||
| 994 |
_aC0 _bPEPRU |
||
| 596 | _a1 | ||
| 999 |
_aRC 225.077 P 40 _wDEWEY _c58442 _i40652 _d58442 _f2021-11-8 _g6 _lCCODEBUL1 _mBUL _q5 _r1 _sY _tBOOK _u2015-6-16 _xTEOLOGIA _zUNKNOWN _0COMPRA _o.CIRCNOTE. No olvidar cambiar la fecha de devolución!!!!!!! _o.STAFF. Colección General |
||
| 980 |
_81 _gALBERTO SANCHEZ Responsable de Automatización |
||